Statistics for Countries with G in Their Name

Click here to take the quiz!

General Stats

  • This quiz has been taken 1,279 times
    (1,236 since last reset)
  • The average score is 35 of 45

Answer Stats

ContinentCountry% Correct
EuropeGermany
92%
EuropeGreece
90%
AfricaGuinea
89%
South AmericaGuyana
89%
North AmericaGuatemala
88%
AfricaGabon
86%
AfricaGambia
86%
AfricaGhana
86%
South AmericaArgentina
84%
AfricaGuinea-Bissau
84%
South AmericaParaguay
84%
South AmericaUruguay
84%
AsiaGeorgia
83%
North AmericaGrenada
83%
AfricaAlgeria
82%
EuropeBelgium
81%
AsiaAfghanistan
80%
AfricaAngola
80%
AfricaNiger
78%
AfricaNigeria
78%
EuropeBulgaria
77%
North AmericaAntigua and Barbuda
76%
AfricaEgypt
76%
AsiaMongolia
76%
North AmericaNicaragua
76%
EuropePortugal
76%
AfricaDemocratic Republic of the Congo
75%
OceaniaPapua New Guinea
75%
AfricaRepublic of the Congo
75%
AfricaUganda
75%
EuropeHungary
74%
AfricaMadagascar
74%
AfricaTogo
74%
EuropeUnited Kingdom
74%
AsiaBangladesh
73%
AfricaEquatorial Guinea
73%
EuropeLuxembourg
73%
OceaniaTonga
72%
EuropeBosnia and Herzegovina
71%
AfricaSenegal
70%
North AmericaTrinidad and Tobago
70%
AsiaKyrgyzstan
68%
EuropeMontenegro
67%
AsiaSingapore
67%
North AmericaSaint Vincent and the Grenadines
66%

Score Distribution

Percentile by Number Answered

Percent of People with Each Score

Your Score History

You have not taken this quiz since the last reset